Every Country and De Facto State Flag - Statistics

General Stats
  • This quiz has been taken 18 times
  • The average score is 144 of 204
Answer Stats
Picture Answer % Correct
Bangladesh
100%
Chile
100%
Cuba
100%
Guatemala
100%
Honduras
100%
Lebanon
100%
Nepal
100%
Turkey
100%
Bahrain
92%
Bulgaria
92%
Cabo Verde
92%
Djibouti
92%
Ghana
92%
Jamaica
92%
Panama
92%
Republic of the Congo
92%
Albania
85%
Andorra
85%
Central African Republic
85%
Democratic Republic of the Congo
85%
Ecuador
85%
Eswatini
85%
Germany
85%
India
85%
Iran
85%
Latvia
85%
Liberia
85%
Malaysia
85%
Paraguay
85%
Russia
85%
Saint Kitts and Nevis
85%
Saint Vincent and the Grenadines
85%
Singapore
85%
Turkmenistan
85%
Vatican City
85%
Australia
77%
Azerbaijan
77%
Belarus
77%
Bhutan
77%
Canada
77%
Czechia
77%
France
77%
Guinea-Bissau
77%
Italy
77%
Jordan
77%
Kyrgyzstan
77%
Liechtenstein
77%
Malawi
77%
Palau
77%
Portugal
77%
Qatar
77%
Saint Lucia
77%
Taiwan
77%
Afghanistan
69%
Argentina
69%
Armenia
69%
Bahamas
69%
Barbados
69%
Belgium
69%
Bolivia
69%
Bosnia and Herzegovina
69%
Botswana
69%
Brazil
69%
Burkina Faso
69%
Burundi
69%
Chad
69%
China
69%
Colombia
69%
Costa Rica
69%
Croatia
69%
Cyprus
69%
Denmark
69%
Dominica
69%
Dominican Republic
69%
Egypt
69%
El Salvador
69%
Estonia
69%
Finland
69%
Gabon
69%
Georgia
69%
Greece
69%
Hungary
69%
Iceland
69%
Iraq
69%
Ireland
69%
Japan
69%
Kazakhstan
69%
Kenya
69%
Kiribati
69%
Kosovo
69%
Laos
69%
Lesotho
69%
Lithuania
69%
Luxembourg
69%
Madagascar
69%
Mali
69%
Malta
69%
Mauritania
69%
Mauritius
69%
Mexico
69%
Micronesia
69%
Monaco
69%
Mongolia
69%
Morocco
69%
Myanmar
69%
Netherlands
69%
New Zealand
69%
Nicaragua
69%
Nigeria
69%
Niue
69%
North Korea
69%
North Macedonia
69%
Norway
69%
Oman
69%
Pakistan
69%
Papua New Guinea
69%
Peru
69%
Philippines
69%
Poland
69%
Romania
69%
Saudi Arabia
69%
Serbia
69%
Seychelles
69%
Slovakia
69%
Slovenia
69%
South Africa
69%
South Korea
69%
Spain
69%
Sri Lanka
69%
Sweden
69%
Switzerland
69%
Tajikistan
69%
Thailand
69%
Tonga
69%
Transnistria
69%
Uganda
69%
Ukraine
69%
United Arab Emirates
69%
United Kingdom
69%
United States of America
69%
Uruguay
69%
Uzbekistan
69%
Venezuela
69%
Vietnam
69%
Yemen
69%
Zambia
69%
Abkhazia
62%
Algeria
62%
Angola
62%
Austria
62%
Belize
62%
Benin
62%
Brunei
62%
Cambodia
62%
Cameroon
62%
Comoros
62%
Equatorial Guinea
62%
Eritrea
62%
Ethiopia
62%
Fiji
62%
Gambia
62%
Guinea
62%
Haiti
62%
Indonesia
62%
Israel
62%
Kuwait
62%
Libya
62%
Maldives
62%
Marshall Islands
62%
Moldova
62%
Montenegro
62%
Mozambique
62%
Namibia
62%
Nauru
62%
Niger
62%
Palestine
62%
Rwanda
62%
Samoa
62%
San Marino
62%
São Tomé and Príncipe
62%
Senegal
62%
Sierra Leone
62%
Somalia
62%
South Sudan
62%
Sudan
62%
Suriname
62%
Tanzania
62%
Timor-Leste
62%
Togo
62%
Trinidad and Tobago
62%
Tunisia
62%
Tuvalu
62%
Zimbabwe
62%
Antigua and Barbuda
54%
Grenada
54%
Guyana
54%
Solomon Islands
54%
Somaliland
54%
South Ossetia
54%
Syria
54%
Vanuatu
54%
Cook Islands
46%
Northern Cyprus
46%
Sahrawi Arab Democratic Republic
38%
No matching quizzes found
Score Distribution
Percent of People with Each Score
Percentile by Number Answered
Your Score History
You have not taken this quiz